000 00492nam a22001457a 4500
003 macl
005 20180429120805.0
008 180429b xxu||||| |||| 00| 0 eng d
040 _cmacl
100 _aगिजुभाई बधेका
_920209
245 _aमॉण्‍डेसरी शिक्षा पद्धति
260 _aदिल्‍ली
_bज्ञानधारा पब्लिकेशन
_c2016
650 _aशिक्षा
_972485
942 _2ddc
_cHIN
999 _c58049
_d58049